| 000 | 00886nam a22002537a 4500 | ||
|---|---|---|---|
| 005 | 20170123162320.0 | ||
| 010 | _aB-050502 | ||
| 020 | _a100.00 | ||
| 035 | _aB-050502 | ||
| 037 | _bCen Lib/Ret | ||
| 040 |
_aDPL _bUR |
||
| 082 |
_a847 _bپ ر و |
||
| 100 |
_aپرویز یداللہ مہندی _9116630 |
||
| 245 |
_aترکی با ترکی / _cپرویز یداللہ مہندی _bحدیث غاشیہ / |
||
| 246 |
_aTurki ba turki / _bby Parvez Yadullah Mehndi |
||
| 260 |
_aحیدرآباد _bزندہ لان _c2001 |
||
| 270 |
_bحیدرآباد _a٣١، مجر داگاہ معظم حاجی مارکیٹ |
||
| 300 |
_a144p. _c20cm(Hb) |
||
| 650 |
_aاردو ادب _9116631 |
||
| 650 |
_aاردو سوانے عمری _9116632 |
||
| 650 |
_aUrdu literature _9116633 |
||
| 650 |
_aUrdu biography _9511 |
||
| 942 |
_2ddc _cUR _h847 _mپ ر و |
||
| 999 |
_c107013 _d107013 |
||